000
00250nam a2200097Ia 4500
001
1168411
005
20250827011838.0
008
250824s9999 xx 000 0 und d
245
0
_a
UZAYIN DERİN KARANLIĞI
_c
BARIŞ TOPRAK
260
_b
FİHRİST KİTAP
999
_c
1168411
_d
1168411